| 000 | 01072cam a22003377a 4500 | ||
|---|---|---|---|
| 003 | CHAP | ||
| 005 | 20220817040918.0 | ||
| 008 | 971013s1991 r 00010 d | ||
| 010 | _a2592 | ||
| 011 | _a3564 | ||
| 035 | _a2765 | ||
| 040 | _cCHAP | ||
| 090 | _aFolleto 12744 | ||
| 100 | 1 |
_aLabrador Moreno, Juana. _964301 |
|
| 245 | 1 | 3 | _aLa agricultura ecológica |
| 260 |
_aMadrid : _bMinisterio de Agricultura, Pesca y Alimentación, _c1991 |
||
| 300 |
_a32 p. _b: ilus |
||
| 490 | 0 |
_aHojas divulgadoras _v; 11/90 HD |
|
| 500 | _aD46-133 | ||
| 590 |
_aBATCH-UPD _b10 _c20130110 _lUCH01 _h1958 |
||
| 590 |
_aBATCH-UPD _b10 _c20130410 _lUCH01 _h1318 |
||
| 590 |
_aBATCH-UPD _b10 _c20130914 _lUCH01 _h1248 |
||
| 590 |
_aCONVERSION _b10 _c20130109 _lUCH01 _h1303 |
||
| 650 | 1 | 4 |
_aEcología agrícola. _935165 |
| 700 | 0 |
_aGuiberteau Cabanillas, Antonio. _951338 |
|
| 830 | 0 |
_aHojas divulgadoras _v; 11/90 HD |
|
| 901 | _aBK | ||
| 942 | _cFOLL | ||
| 949 |
_aFolleto 12744 _bBC _cFOLL _d-12272 _eTS1 _i2765 _mD _si |
||
| 949 |
_aFolleto 12744 _bBC _cFOLL _d-72433 _eTS2 _fc.2 _i2765 _mD _si |
||
| 999 |
_c2592 _d2592 |
||